kompilasi TRAUMA

Bibliographic Details
Main Author: Sara Hezra (Author)
Corporate Author: Editorial Orabook (Editor)
Format: Book
Language:Malay
Published: Segamat, Johor : Rafidah Ismail [2020?]
Subjects:

MARC

LEADER 00000cam a2200000 7i4500
001 0000140227
005 20211210.0
008 210407s2020 my x f m
020 |a 9789671698747 
040 |a PERPUSTAM   |b eng   |c PERPUSTAM   |e rda 
041 |a may 
090 0 0 |a F   |b SAR 
100 0 |a Sara Hezra ,   |e author. 
245 1 0 |a kompilasi TRAUMA   |c karya: SARA HEZRA ; Editor: Editorial ORABOOK 
264 1 |a Segamat, Johor :   |b Rafidah Ismail   |c [2020?] 
300 |a 529 pages ;   |c 19 cm. 
336 |a text  |2 rdacontent 
337 |a unmediated  |2 rdamedia 
338 |a volume  |2 rdacarrier 
650 1 0 |a Malay fiction 
650 2 4 |a Malaysian fiction (Malay) 
710 2 |a Editorial Orabook   |e editor 
999 |a 0000703339   |b Buku   |c Rak Terbuka   |e Perbadanan Perpustakaan Awam Melaka 
999 |a 0000703340   |b Buku   |c Rak Terbuka   |e Perbadanan Perpustakaan Awam Melaka 
999 |a 0000703341   |b Buku   |c Rak Terbuka   |e Perbadanan Perpustakaan Awam Melaka 
999 |a 0000703342   |b Buku   |c Rak Terbuka   |e Perpustakaan Cawangan Jasin 
999 |a 0000703343   |b Buku   |c Rak Terbuka   |e Perpustakaan Cawangan Masjid Tanah 
999 |a 0000703344   |b Buku   |c Rak Terbuka   |e Perpustakaan Cawangan Merlimau 
999 |a 0000703345   |b Buku   |c Rak Terbuka   |e Perpustakaan Komuniti UTC Melaka 
999 |a 0000703346   |b Buku   |c Rak Terbuka   |e Perbadanan Perpustakaan Awam Melaka 
999 |a 0000703347   |b Buku   |c Rak Terbuka   |e Perbadanan Perpustakaan Awam Melaka 
999 |a 0000703348   |b Buku   |c Rak Terbuka   |e Perbadanan Perpustakaan Awam Melaka 
999 |a 0000703349   |b Buku   |c Rak Terbuka   |e Perbadanan Perpustakaan Awam Melaka 
999 |a 0000703350   |b Buku   |c Rak Terbuka   |e Perbadanan Perpustakaan Awam Melaka 
999 |a 0000703351   |b Buku   |c Rak Terbuka   |e Perbadanan Perpustakaan Awam Melaka 
999 |a 0000703352   |b Buku   |c Rak Terbuka   |e Perbadanan Perpustakaan Awam Melaka 
999 |a 0000703353   |b Buku   |c Rak Terbuka   |e Perbadanan Perpustakaan Awam Melaka 
999 |a 0000703354   |b Buku   |c Rak Terbuka   |e Perbadanan Perpustakaan Awam Melaka 
999 |a 0000703355   |b Buku   |c Rak Terbuka   |e Perbadanan Perpustakaan Awam Melaka 
999 |a 0000703356   |b Buku   |c Rak Terbuka   |e Perpustakaan Desa Asahan 
999 |a 0000703357   |b Buku   |c Rak Terbuka   |e Perpustkaan Desa Lubuk China 
999 |a 0000703358   |b Buku   |c Rak Terbuka   |e PK Aeon Jaya Jusco 
999 |a 0000703359   |b Buku   |c Rak Terbuka   |e Perbadanan Perpustakaan Awam Melaka 
999 |a 0000703360   |b Buku   |c Rak Terbuka   |e Perbadanan Perpustakaan Awam Melaka